| 000 | 00997cam a2200313 a 4500 | ||
|---|---|---|---|
| 001 | 3905 | ||
| 005 | 20240711090612.0 | ||
| 020 | _a9780545220934 (pbk.) | ||
| 040 |
_aDLC _cDLC _dIG# _dWI9WB _dPZT _dDLC _beng |
||
| 050 | 0 | 0 |
_aGV1507.P47 _b2011 |
| 082 | 0 | 0 | _a793.73 |
| 100 | 1 | _aMarzollo, Jean | |
| 245 | 1 | 0 |
_aI spy an egg in a nest / _criddles by Jean Marzollo ; photographs by Walter Wick |
| 246 | 3 | 0 | _aEgg in a nest |
| 250 | _aFirst printing , January 2011 | ||
| 260 |
_aNew York : _bScholastic, _c2011 |
||
| 300 |
_a29 unnumbered pages : _bcolor illustrations ; _c23 cm. |
||
| 490 |
_aScholastic reader _vLevel 1 |
||
| 490 | _aI Spy | ||
| 505 | _aG | ||
| 520 | _aFind objects in picture puzzles. | ||
| 521 | 2 |
_a380
_bLexile estimate |
|
| 521 | 8 |
_aG
_bRaz-PLus |
|
| 650 | 0 |
_aPicture puzzles _vJuvenile literature. |
|
| 650 | 1 | _aPicture puzzles. | |
| 700 | 1 |
_aWick, Walter _d1953- _eillustrator |
|
| 906 |
_a7 _bcbc _corignew _d1 _eecip _f20 _gy-gencatlg |
||
| 942 |
_2ddc _cBK _n0 |
||
| 999 |
_c3905 _d3905 |
||